An introduction to the foundations and fundamental concepts of Mathematics
Saved in:
| Main Authors: | , |
|---|---|
| Format: | Bog |
| Sprog: | engelsk |
| Udgivet: |
Nueva York
Rinehart and Company
1958
|
| Fag: | |
| Tags: |
Tilføj Tag
Ingen Tags, Vær først til at tagge denne postø!
|
MARC
| LEADER | 00000nam a2200000 a 4500 | ||
|---|---|---|---|
| 001 | UCH1873 | ||
| 003 | CL-VaPUC | ||
| 008 | 090514e19580000US |||||||||||||||||eng|d | ||
| 082 | 0 | 4 | |a 510 |b EVE |2 21 |
| 100 | 0 | |a Eves, Howard |e author |9 536450 | |
| 700 | |a Newsom, Carroll Vincent |e author |9 536451 | ||
| 245 | 1 | 3 | |a An introduction to the foundations and fundamental concepts of Mathematics |
| 300 | |a 363 p | ||
| 942 | |c BK | ||
| 945 | |d 20090514 00:00:00 |a dcastane | ||
| 260 | |a Nueva York |b Rinehart and Company |c 1958 | ||
| 650 | 0 | |a Matemática |9 260235 | |
| 650 | 0 | |a Números reales |9 270334 | |
| 650 | 0 | |a Números complejos |9 270335 | |
| 650 | 0 | |a Números racionales |9 316867 | |
| 650 | 0 | |a Álgebra |9 259567 | |
| 650 | 0 | |a Aritmética |9 270049 | |
| 650 | 0 | |a Ecuaciones |9 260137 | |
| 650 | 7 | |a ELEMENTOS EUCLIDEANOS |2 CL-VaPUC |9 536452 | |
| 583 | |a last modification |c 20090514 00:00:00 |k Rodrigo Vera | ||
| 999 | |c 333770 |d 333768 | ||